Alle Gewinner der bisherigen 18 Staffeln von IbeS - Statistiken

Allgemein
  • Dieses Quiz wurde 64 mal gespielt
    18 seit der letzten Aktualisierung
  • Das Durchschnittsergebnis liegt bei 17 aus 18
Answers on the Grid
Answers color-coded by a green-red scale on the quiz's grid according to % correct below.
Costa Cordalis
Desiree Nick
Olivia Jones
Lucy Diakovska
Brigitte Nielsen
Elena Miras
Ingrid van Bergen
Thorsten Legat
Evelyn Burdecki
Melanie Müller
Jürgen Milski
Joey Heindle
Maren Gilzer
Larissa Marold
Menderes Bagci
Harald Glööckler
Peer Kusmagk
Daniel Küblböck
Dirk Bach
Caroline Beil
Filip Pavlovic
Micaela Schäfer
Marc Terenzi
Werner Hansch
Jenny Frankhauser
Daniele Negroni
Joey Kelly
Djamila Rowe
Laura Müller
Daniel Aminati
Rebecca Mir
Ross Antony
Ralf Richter
Prince Damien
Janine Kunze
Lilly Becker
 
Antwortstatistiken
Antwort % Korrekt
Brigitte Nielsen
100%
Costa Cordalis
100%
Desiree Nick
100%
Jenny Frankhauser
100%
Lucy Diakovska
100%
Marc Terenzi
100%
Maren Gilzer
100%
Melanie Müller
100%
Peer Kusmagk
100%
Ross Antony
100%
Djamila Rowe
83%
Filip Pavlovic
83%
Ingrid van Bergen
83%
Joey Heindle
83%
Lilly Becker
83%
Menderes Bagci
83%
Prince Damien
83%
Evelyn Burdecki
67%
Keine übereinstimmenden Quizze gefunden
Verteilung der Resultate
Anzahl Personen mit jedem Resultat
Perzentil nach korrekt beantworteten Fragen
Ihre Resultats-Entwicklung
Sie haben dieses Quiz seit der letzten Aktualisierung nicht gespielt